| 000 | 00489nam a22001937a 4500 | ||
|---|---|---|---|
| 999 |
_c28796 _d28795 |
||
| 003 | OSt | ||
| 005 | 20201105155250.0 | ||
| 008 | 170529b xxu||||| |||| 00| 0 eng d | ||
| 020 | _a9780176520847 | ||
| 040 |
_aMMU _beng _cMMU _dMMU |
||
| 050 | _aQH 308.2 .B564 2012 | ||
| 245 | _aBiology 12 study guide | ||
| 260 |
_aToronto: _bNelson, _c2012. |
||
| 300 | _aiv, 228 p.: | ||
| 610 | _zQH 308.2 .B564 2012 | ||
| 648 | _aQH 308.2 .B564 2012 | ||
| 650 | _aBiology | ||
| 942 |
_2lcc _cLOAN LOAN |
||